000 00320nam a22001337a 4500
999 _c13216
_d13216
020 _a9781743769843
082 _a658
100 _aKinicki, Scott-Ladd, Perry
245 _aManagement: A Practical Introduction
250 _a2nd
260 _aAustralia
_bMcGraw-Hill
_c2018
300 _a624 pages
942 _cMANAGEMENT